00458nam a22002057a 450000500170000001000130001702000220003003500130005203700160006504000120008108200110009310000180010424500340012226000350015627000110019130000200020265000170022265000100023970000030024920170124110116.0 aA-123179 c00.00a0575007621 aA-123179 bCen Lib/Ret aDPLbEN aNbKIN aKing, Vincent aCandy man /cby Vincent King  bVictor gollancz aLondonc1971 bLondon a191p.c20cm(Hb) a Literature  aNovel